| 000 | 00848nam a22002177a 4500 | ||
|---|---|---|---|
| 999 |
_c20708 _d20708 |
||
| 003 | AUA.1 | ||
| 005 | 20191206105126.0 | ||
| 008 | 180716b xxu||||| |||| 00| 0 eng d | ||
| 022 | _29781577569824 | ||
| 040 | _cJTL | ||
| 050 |
_aBV4012.2 _b.B59 2013 |
||
| 100 | _aBlyden, Celeste Ryan | ||
| 245 |
_aCrisis boot camp : _bhow to handle communication during crises / _cCeleste Ryan Blyden. |
||
| 260 |
_aLincoln, NE : _bAdventSource, _cc2013. |
||
| 300 |
_aiv, 103 p. : _c23 cm. |
||
| 505 | _a1.- Understanding crisis- 2.- How to prepare for crisis- 3.- What to do when crisis occurs- 4. After the crisis- 5. Social media implications- 6.- Case studies and statements- Want more crisis boot camp?. | ||
| 650 | _aCrisis | ||
| 650 | _aSocial media | ||
| 650 | _aCase studies | ||
| 942 |
_2lcc _cDWBSLC _hBV 4012.2 _i.B59 2013 |
||